000 01345cam a2200349 i 4500
999 _c41415
_d41415
001 19620476
003 OSt
005 20220106123612.0
008 170503s2018 flu b 001 0 eng
010 _a 2017021297
020 _a9781439828649 (hardback : alk. paper)
020 _z9781315156583 (ebook)
040 _aDLC
_beng
_cDLC
_erda
_dDLC
042 _apcc
050 0 0 _aHV8077.5.C6
_bF67 2018
082 0 0 _a363.2562
_223
_bROB/F
245 0 0 _aForensic examination of fibres /
_cedited by James Robertson, Claude Roux, and Kenneth G Wiggins.
264 1 _aBoca Raton :
_bCRC Press/Taylor & Francis Group,
_c[2018]
300 _axix, 465 pages ;
_c26 cm
336 _atext
_btxt
_2rdacontent
337 _aunmediated
_bn
_2rdamedia
338 _avolume
_bnc
_2rdacarrier
504 _aIncludes bibliographical references and index.
650 0 _aCriminal investigation.
650 0 _aTextile fibers
_xIdentification.
700 1 _aRobertson, J.
_q(James),
_d1950-
_eeditor.
_98976
700 1 _aRoux, Claude
_c(Forensic scientist)
_eeditor.
_98977
700 1 _aWiggins, Kenneth G.
_eeditor.
_98978
906 _a7
_bcbc
_corignew
_d1
_eecip
_f20
_gy-gencatlg
942 _2ddc
_cBK
_h363.2562
_iROB/F
_k363.2562
_mROB/F